[Event "Florianopolis op 3rd"]
[Site "Florianopolis"]
[Date "2017.01.20"]
[Round "1"]
[White "Chaves, Jorge Antonio Torre"]
[Black "Alberton, Kelvin Schmoeller"]
[Result "1-0"]
[WhiteElo "1927"]
[BlackElo "1807"]
[PlyCount "59"]
[EventDate "2017.01.20"]
[EventType "swiss"]
[EventRounds "10"]
[EventCountry "BRA"]
[SourceTitle "CBM 176 Extra"]
[Source "ChessBase"]
[SourceDate "2017.03.02"]
[SourceVersion "1"]
[SourceVersionDate "2017.03.02"]
[SourceQuality "1"]

1. d4 d5 2. c4 e6 3. Nc3 Nf6 4. Nf3 Be7 5. cxd5 exd5 6. Qc2 0-0 7. Bf4 c6 8. e3 Re8 9. Bd3 Nbd7 10. h3 h6 11. 0-0 Bb4 12. a3 Bf8 13. b4 a5 14. Rab1 b6 15. Rfd1 Bb7 16. Bh2 g6 17. Ne5 Nxe5 18. dxe5 Nd7 19. f4 c5 20. Bb5 d4 21. exd4 cxb4 22. axb4 Bxb4 23. Ne4 Rc8 24. Qe2 Bxe4 25. Qxe4 Rf8 26. f5 g5 27. f6 Nxf6 28. exf6 Qxf6 29. Be5 Qe7 30. Qf5 1-0

[Event "Fraiburgo Alvino Memorial 3rd"]
[Site "Fraiburgo"]
[Date "2013.07.21"]
[Round "6"]
[White "Dos Reis, Nicolas Rodrigues"]
[Black "Alberton, Kelvin Schmoeller"]
[Result "1/2-1/2"]
[WhiteElo "1845"]
[BlackElo "1830"]
[PlyCount "43"]
[EventDate "2013.07.19"]
[EventType "swiss"]
[EventRounds "6"]
[EventCountry "BRA"]
[SourceTitle "CBM 155 Extra"]
[Source "ChessBase"]
[SourceDate "2013.08.26"]
[SourceVersion "1"]
[SourceVersionDate "2013.08.26"]
[SourceQuality "1"]

1. d4 d5 2. Nc3 Nf6 3. Bg5 e6 4. e4 dxe4 5. Nxe4 Be7 6. Bxf6 Bxf6 7. Nf3 0-0 8. Qd2 b6 9. 0-0-0 Bb7 10. Bd3 Nd7 11. g4 c5 12. h4 c4 13. Nxf6+ Qxf6 14. Ne5 Nxe5 15. dxe5 Qe7 16. Bxc4 Bxh1 17. Rxh1 Qc5 18. Qe2 Rac8 19. Bd3 Qd5 20. Rh2 Rfd8 21. Kb1 Qa5 22. Rh1 1/2-1/2